The property career guide (Record no. 104691)
[ view plain ]
| 000 -LEADER | |
|---|---|
| fixed length control field | 01095cam a2200265 4500 |
| 001 - CONTROL NUMBER | |
| control field | ##L131228 |
| 008 - FIXED-LENGTH DATA ELEMENTS--GENERAL INFORMATION | |
| fixed length control field | 051007n2005 000 0 eng u |
| 020 ## - INTERNATIONAL STANDARD BOOK NUMBER | |
| International Standard Book Number | 0955086205 |
| 035 ## - SYSTEM CONTROL NUMBER | |
| System control number | (Sirsi) u131228 |
| 041 0# - LANGUAGE CODE | |
| Language code of text/sound track or separate title | eng |
| 050 04 - LIBRARY OF CONGRESS CALL NUMBER | |
| Classification number | 333.0062 $2 18 |
| 100 1# - MAIN ENTRY--PERSONAL NAME | |
| Personal name | Moore, Peter |
| 245 04 - TITLE STATEMENT | |
| Title | The property career guide |
| 260 ## - PUBLICATION, DISTRIBUTION, ETC. | |
| Place of publication, distribution, etc. | London |
| Name of publisher, distributor, etc. | Macdonald & Co |
| Date of publication, distribution, etc. | 2005 |
| 300 ## - PHYSICAL DESCRIPTION | |
| Extent | 41p. |
| Other physical details | ill. |
| Dimensions | 21cm. |
| 350 ## - PRICE (NR) (BK AM CF MU VM SE) [OBSOLETE] | |
| Price | 5.99 |
| 505 2# - FORMATTED CONTENTS NOTE | |
| Formatted contents note | Introduction -- The property profession: past, present, future -- Career planning -- The job search -- Interviews -- Tests -- Making the decision -- Macdonald and Company -- Useful contacts/sources of information |
| 520 ## - SUMMARY, ETC. | |
| Summary, etc. | Aimed at jobseekers in the crucial early years of a career within the UK property industry; also likely to have relevance for all levels. Discusses the key issues jobseekers have to consider. |
| 651 #4 - SUBJECT ADDED ENTRY--GEOGRAPHIC NAME | |
| Geographic name | United Kingdom |
| Chronological subdivision | |
| 690 ## - LOCAL SUBJECT ADDED ENTRY--TOPICAL TERM (OCLC, RLIN) | |
| Topical term or geographic name as entry element | CAREERS, EDUCATION AND TRAINING-CAREERS IN SURVEYING |
| 700 1# - ADDED ENTRY--PERSONAL NAME | |
| Personal name | Holroyde, Charlie |
| Relator term | editor. |
| 710 2# - ADDED ENTRY--CORPORATE NAME | |
| Corporate name or jurisdiction name as entry element | Royal Institution of Chartered Surveyors |
| 9 (RLIN) | 4900 |
| 942 ## - ADDED ENTRY ELEMENTS (KOHA) | |
| Suppress in OPAC | 0 |
| Withdrawn status | Lost status | Source of classification or shelving scheme | Damaged status | Not for loan | Home library | Current library | Shelving location | Date acquired | Cost, normal purchase price | Total Checkouts | Full call number | Barcode | Date last seen | Date last checked out | Copy number | Cost, replacement price | Price effective from | Koha item type |
|---|---|---|---|---|---|---|---|---|---|---|---|---|---|---|---|---|---|---|
| Dewey Decimal Classification | London | London | RICS Boxes | 09/08/2006 | 4.24 | 1 | RICS 2005/39 | 30071392 | 06/08/2019 | 15/08/2006 | 1 | 4.24 | 06/08/2019 | Archive | ||||
| Dewey Decimal Classification | London | London | RICS Boxes | 09/08/2006 | 4.24 | RICS 2005/39 | 30071390 | 06/08/2019 | 2 | 4.24 | 06/08/2019 | Reference material | ||||||
| Dewey Decimal Classification | London | London | RICS Boxes | 09/08/2006 | 4.24 | RICS 2005/39 | 30071393 | 06/08/2019 | 3 | 4.24 | 06/08/2019 | Book |